International economics /
Saved in:
| Main Author: | |
|---|---|
| Format: | Book |
| Published: |
New York :
McGraw-Hill,
c1990.
|
| Series: | McGraw-Hill series in international business and economics
|
| Subjects: | |
| Tags: |
Add Tag
No Tags, Be the first to tag this record!
|
MARC
| LEADER | 00000cam a2200000 a 4500 | ||
|---|---|---|---|
| 020 | |a 0070103585 |c TZS 3395 | ||
| 040 | |a MUL |b eng |e AACR | ||
| 082 | 0 | 0 | |a 337 CHA |
| 100 | 1 | |a Chacholiades, Miltiades. | |
| 245 | 1 | 0 | |a International economics / |c Miltiades Chacholiades. |
| 260 | |a New York : |b McGraw-Hill, |c c1990. | ||
| 300 | |a xxiii, 595 p. : |b ill. ; |c 24 cm. | ||
| 440 | 0 | |a McGraw-Hill series in international business and economics | |
| 500 | |a Rev. ed. of: Principles of international economics. c1981. | ||
| 504 | |a Includes bibliographical references and indexes. | ||
| 650 | 0 | |a International economic relations. | |
| 650 | 0 | |a Commercial policy. | |
| 650 | 0 | |a International trade. | |
| 700 | 1 | |a Chacholiades, Miltiades. | |
| 942 | |c BK | ||
| 999 | |c 8336 |d 8336 | ||